Production of artemia in culture tanks
Đã lưu trong:
| Príomhúdar: | |
|---|---|
| Formáid: | Leabhar |
| Teanga: | Undetermined |
| Foilsithe: |
Belgium
University of Ghent
|
| Ábhair: | |
| Clibeanna: |
Cuir Clib Leis
Gan Chlibeanna, Bí ar an gcéad duine leis an taifead seo a chlibeáil!
|
| Thư viện lưu trữ: | Trung tâm Học liệu Trường Đại học Cần Thơ |
|---|
| LEADER | 00505nam a2200169Ia 4500 | ||
|---|---|---|---|
| 001 | CTU_150654 | ||
| 008 | 210402s9999 xx 000 0 und d | ||
| 082 | |a 639.5072 | ||
| 082 | |b L399 | ||
| 100 | |a Lavens, Patrick | ||
| 245 | 0 | |a Production of artemia in culture tanks | |
| 245 | 0 | |c Patrick Lavens and Patrick Sorgeloos | |
| 260 | |a Belgium | ||
| 260 | |b University of Ghent | ||
| 650 | |a Artemia,Thức ăn tôm | ||
| 904 | |i Trọng Hải | ||
| 980 | |a Trung tâm Học liệu Trường Đại học Cần Thơ | ||